000 01480nam a2200253 a 4500
008 190710s2013 ||||||||||||||||| || u
020 _a9781591690375
050 _aQA 901 Ple
100 _aPletcher, Richard H
245 1 0 _aComputational fluid mechanics and heat transfer. (3rd edition)
_cBy Richard H. Pletcher ; John C. Tannehill ; Dale A. Anderson
250 _a3rd edition
260 _aBoca Raton
_bCRC Press
_c2013
300 _axx, 753 pages : illustrations
650 _aHEAT TRANSMISSION
650 _aFLUID MECHANICS--DATA PROCESSING
650 _aHEAT--TRANSMISSION--DATA PROCESSING
700 _aAnderson, Dale A
700 _aTannehill, John C
995 _aMAIN LIBRARY OPEN ACCESS
_D133.10
_e749395
_FCBU-MAIN LIBRARY (Kitwe)
_jQA 901 Ple
_M2
_UAVAILABLE
_WJul 12, 2019
_y749395
_ZMain Library Open Access Collection
995 _aMAIN LIBRARY OPEN ACCESS
_D133.10
_e749397
_FCBU-MAIN LIBRARY (Kitwe)
_jQA 901 Ple
_M4
_UAVAILABLE
_WJul 12, 2019
_y749397
_ZMain Library Open Access Collection
995 _aMAIN LIBRARY OPEN ACCESS
_D133.10
_e749396
_FCBU-MAIN LIBRARY (Kitwe)
_jQA 901 Ple
_M3
_UAVAILABLE
_WJul 12, 2019
_y749396
_ZMain Library Open Access Collection
995 _aSHORT LOAN BOOKS
_e750094
_FCBU-MAIN LIBRARY (Kitwe)
_I54.28
_jQA 901 Ple
_M5
_UAVAILABLE
_WNov 25, 2019
_y750094
_ZShort Loan Collection
995 _aMAIN LIBRARY OPEN ACCESS
_D133.10
_e749398
_FCBU-MAIN LIBRARY (Kitwe)
_jQA 901 Ple
_M1
_UAVAILABLE
_WJul 12, 2019
_y749398
_ZMain Library Open Access Collection
999 _c79639
_d79639